| Tag |
First Indicator |
Second Indicator |
Subfields |
| LEADER |
00000cam a2200000 a 4500 |
| 001 |
in00002523613 |
| 005 |
20211202192010.0 |
| 006 |
m d f |
| 007 |
cr mn||||||||| |
| 008 |
090805s2009 dcua sb f000 0 eng c |
| 035 |
|
|
|a (OCoLC)ocn429210696
|
| 040 |
|
|
|a GPO
|c GPO
|d MvI
|d UtOrBLW
|
| 042 |
|
|
|a pcc
|
| 043 |
|
|
|a n-us---
|
| 049 |
|
|
|a WWW
|
| 074 |
|
|
|a 0546-D (online)
|
| 086 |
0 |
|
|a GA 1.13:GAO-09-358
|
| 088 |
|
|
|a GAO-09-358
|
| 110 |
1 |
|
|a United States.
|b Government Accountability Office.
|
| 245 |
1 |
0 |
|a Securities and Exchange Commission :
|b greater attention needed to enhance communication and utilization of resources in the Division of Enforcement : report to congressional requesters.
|
| 246 |
3 |
0 |
|a Greater attention needed to enhance communication and utilization of resources in the Division of Enforcement
|
| 264 |
|
1 |
|a [Washington, D.C.] :
|b U.S. Govt. Accountability Office,
|c [2009]
|
| 300 |
|
|
|a 1 online resource (ii, 59 pages) :
|b illustrations
|
| 336 |
|
|
|a text
|b txt
|2 rdacontent
|
| 337 |
|
|
|a computer
|b c
|2 rdamedia
|
| 338 |
|
|
|a online resource
|b cr
|2 rdacarrier
|
| 500 |
|
|
|a Title from title screen (GAO, viewed July 28, 2009).
|
| 500 |
|
|
|a "March 2009."
|
| 504 |
|
|
|a Includes bibliographical references.
|
| 500 |
|
|
|a "GAO-09-358."
|
| 500 |
|
|
|a Electronic resource.
|
| 610 |
1 |
0 |
|a United States.
|b Securities and Exchange Commission.
|b Division of Enforcement
|v Rules and practice.
|
| 856 |
4 |
0 |
|u https://purl.fdlp.gov/GPO/LPS114469
|t 0
|
| 999 |
|
|
|a MARS
|
| 999 |
f |
f |
|s 47def0aa-fe06-35ae-973d-ba32589ea7cf
|i 52486841-fc9f-3d48-9075-2ef3acdf1c82
|t 0
|
| 952 |
f |
f |
|a Texas A&M University
|b College Station
|c Electronic Resources
|d Available Online
|t 0
|e GA 1.13:GAO-09-358
|h Superintendent of Documents classification
|
| 998 |
f |
f |
|a GA 1.13:GAO-09-358
|t 0
|l Available Online
|